000
00222 a2200097 4500
001
32791
100
_a
Geary A
245
_a
Math for technical students
260
_a
London
_b
Longmans Green & Co
_c
090
_c
21959
_d
21959
942
_a
NUST-CAE
_c
M
_c
13290
999
_c
267864
_d
267864